Responses for show #1312 - Tuesday, April 24, 1990

Contestants

Gary Klein, an attorney and writer originally from New York City, New York

Anne Connell, an assistant professor and artist from Portland, Oregon

Robin Corkery, a financial consultant from Spokane, Washington (whose 1-day cash winnings total $9,400)

Jeopardy! Round responses

FAMOUS QUOTES
THE SUPREME COURT
GOLDEN OLDIES
NONFICTION
ZOOLOGY
DESSERTS
    $100 18
Love & War

Gary
    $100 1
(Robin: Who is Roosevelt?)
(Alex: Be more specific.)

FDR (Franklin Delano Roosevelt)

Robin
    $100 7
"Harper Valley P.T.A."

Robin
    $100 23
(minute to go in the round...)

Ernest Hemingway

Gary
    $100 3
Armadillo

Anne
    $100 14
Baked Alaska

Anne
    $200 19
"You may meet them on your way down"

Gary
    $200 2
(R: Who is Nixon?)

Ronald Reagan

RobinAnne
    $200 9
"MacArthur Park"

Gary
    $200 24
The French Revolution

Gary
    $200 4
Doe

Robin
    $200 15
Wedding Cake

Gary
    $300 20
How you played the game

Robin
    $300 13
Earl Warren

Anne
    $1,100 10
(Gary: [No response])

"Don't Sleep In The Subway"

Gary
    $300 25
David Frost

Gary
    $300 5
Polar Bear

Robin
    $400 21
a Woman scorn'd

Gary
    $400 16
John Marshall

Gary
    $400 12
[More of Petula Clark is played going into the first commercial break.]

Jan & Dean

Robin
    $400 26
Noah Webster

Triple Stumper
    $400 6
Heat

Gary
    $500 22
England

Triple Stumper
    $500 17
(G: Who is Theodore Roosevelt?)

Warren G. Harding

Gary
Triple Stumper
    $500 11
Freddy Cannon

Robin
    $500 27
[The end-of-round signal sounds.]

Theodore White

Gary
    $500 8
Tarantula

Gary

Scores at the first commercial break (after clue 12):

Robin Anne Gary
$1,400 $300 $0

Scores at the end of the Jeopardy! Round:

Robin Anne Gary
$1,700 $700 $1,900

Double Jeopardy! Round responses

19TH CENTURY AMERICA
POLAND
LITERATURE ON FILM
ROYALTY
ASTRONOMERS
FROM THE LATIN
    $200 16
Wall Street

Anne
    $200 6
Roman Catholicism

Gary
    $200 3
"Moby Dick"

Gary
    $200 11
Princess Margaret

Robin
    $200 19
Nicolaus Copernicus

Gary
    $200 5
Denigrate

Robin
    $400 17
California

Robin
    $400 18
River

Gary
    $400 4
Dr. Jekyll & Mr. Hyde

Anne
    $400 12
Nefertiti

Robin
    $400 20
Extraterrestrial Intelligence/Life Elsewhere

Anne
    $400 2
Suffer

Gary
    $600 25
(R: What is Consolidated Edison?)

General Electric

Robin
Triple Stumper
    $600 28
[The end-of-round signal sounds.]

the Soviet Union (USSR)

Gary
    $600 7
"The Time Machine"

Gary
    $600 13
Holland/The Netherlands

Robin
    $600 22
Light

Gary
    $600 1
Muscles

Anne
    $800 26
Morgan, Virgil & Wyatt Earp & Doc Holliday

Gary
    $800 8
"East of Eden"

Anne
    $2,000 14
Battle of Hastings (which Harold II lost)

Robin
    $800 23
Galileo

Gary
    $800 9
(A: I don't know.)

Occult

Anne
    $1000 27
Melville Dewey

Anne
    $1000 10
"Ben-Hur"

Robin
    $1000 15
Denmark

Robin
    $1000 24
(have a minute left in the round...)

Giovanni Cassini

Triple Stumper
    $1000 21
sic

Gary

Scores at the end of the Double Jeopardy! Round:

Robin Anne Gary
$6,900 $3,300 $7,700

[wagering suggestions for these scores]

Final Jeopardy! Round responses

PLAYWRIGHTS
[Gary's response was barely legible, but ruled okay by the judges.]
AnneWho was Oscar Wilde
$2,900
RobinWho was Oscar Wilde?
$6,900
GaryWho is Oscar Wilde
$6,101
Oscar Wilde (The Importance of Being Earnest)

Final scores:

Robin Anne Gary
$13,800 $6,200 $13,801
2nd place: Seragraph & Punch Bowl Set 3rd place: Emerson 19-inch Color TV New champion: $13,801

Game dynamics:

Coryat scores:

Robin Anne Gary
$5,700 $4,100 $8,800
15 R
(including 1 DD),
2 W
10 R,
1 W
(including 1 DD)
23 R,
2 W
(including 1 DD)

Combined Coryat: $18,600

The J! Archive is created by fans, for fans. The Jeopardy! game show and all elements thereof, including but not limited to copyright and trademark thereto, are the property of Jeopardy Productions, Inc. and are protected under law. This website is not affiliated with, sponsored by, or operated by Jeopardy Productions, Inc. Join the discussion at JBoard.tv.